| 000 | 00397nam a22001097a 4500 | ||
|---|---|---|---|
| 020 | _a978 932 7194 180 | ||
| 082 |
_a06.067(079)NDA _bPAT |
||
| 245 | _aPathfinder NDA/NA National Defence Academy & Naval Academy Entrance Exams | ||
| 260 |
_aNew Delhi _bArihant Publications _c2023 |
||
| 650 |
_aNational Defence Academy Entrance Exam _aNaval Academy Entrance Exams _a NDA/NA Entrance Exams |
||
| 942 | _cBK | ||
| 999 |
_c75100 _d75100 |
||